000
00288nam a22001337a 4500
003
SGT
082
_a
617.8
_b
O10M
100
_a
MOORE, D.R./ FUCHES
245
_a
THE OXFORD HAND BOOK THE EAR HEARING
250
_a
3RD
260
_b
OXFORD UNI
_c
2010
300
_a
450
942
_2
ddc
_c
BK
999
_c
17888
_d
17888